Hot Stuff Lyrics - Statistics

General Stats
  • This quiz has been taken 21 times
  • The average score is 6 of 8
Answer Stats
Hint Answer % Correct
Looking for a lover who needs _______ Another
91%
Sitting here eating my _____ out waiting Heart
91%
Wanna share my ____ with a warmer lover Love
91%
Dialled about a ________ numbers lately Thousand
91%
Waiting for some _____ to call Lover
73%
Don't want another _____ on my own Night
73%
Almost ____ the phone off the wall Rang
55%
Wanna bring a ____ man back home Wild
55%
No matching quizzes found
Score Distribution
Percent of People with Each Score
Percentile by Number Answered
Your Score History
You have not taken this quiz